| 000 | 01291cam a2200337 a 4500 | ||
|---|---|---|---|
| 001 | 12784144 | ||
| 003 | OSt | ||
| 005 | 20180117085952.0 | ||
| 008 | 020521s2003 at a b 001 0 eng | ||
| 010 | _a 2002107154 | ||
| 020 | _a0534598684 (alk. paper) | ||
| 035 | _a(DLC) 2002107154 | ||
| 040 |
_aDLC _cDLC _dDLC |
||
| 050 | 0 | 0 |
_aBF319 _b.C45 2003 |
| 082 | 0 | 0 |
_a153.1/5 _221 |
| 100 | 1 | _aChance, Paul. | |
| 245 | 1 | 0 |
_aLearning & behavior / _cPaul Chance. |
| 246 | 3 | _aLearning and behavior | |
| 250 | _a5th ed. | ||
| 260 |
_aAustralia ; _aBelmont, CA : _bThomson/Wadsworth, _cc2003. |
||
| 300 |
_axx, 505 p. : _bill. ; _c25 cm. |
||
| 504 | _aIncludes bibliographical references (p. 457-487) and indexes. | ||
| 650 | 0 | _aConditioned response. | |
| 650 | 0 | _aLearning, Psychology of. | |
| 650 | 0 | _aNature and nurture. | |
| 856 | 4 | 1 |
_3Table of contents _uhttp://www.loc.gov/catdir/toc/fy033/2002107154.html |
| 906 |
_a7 _bcbc _corignew _d2 _eepcn _f20 _gy-gencatlg |
||
| 942 |
_2ddc _cBK |
||
| 999 |
_c2929 _d2929 |
||